Länder Ozeaniens Nach Bevölkerung - Statistiken

Allgemein
  • Dieses Quiz wurde 69 mal gespielt
  • Das Durchschnittsergebnis liegt bei 11 aus 14
Antwortstatistiken
Bevölkerung Land % Korrekt
26 mil Australien
100%
5 mil Neuseeland
94%
19 mil Papua-Neuguinea
89%
1 mil Fidschi
87%
740 k Salomonen
79%
334 k Vanuatu
79%
107 k Tonga
74%
115 k Föderierte Staaten von Mikronesien
72%
133 k Kiribati
72%
12k Nauru
72%
225 k Samoa
72%
41 k Marshallinseln
68%
18 k Palau
68%
11 k Tuvalu
68%
Keine übereinstimmenden Quizze gefunden
Verteilung der Resultate
Anzahl Personen mit jedem Resultat
Perzentil nach korrekt beantworteten Fragen
Ihre Resultats-Entwicklung
Sie haben dieses Quiz noch nicht gespielt